Principios de Acción, Unidad 3

Uloženo v:
Podrobná bibliografie
Korporace: Consejo Episcopal Latinoamericano (Autor), CELAM (Autor)
Médium: Kniha
Jazyk:španělština
Vydáno: Santiago CELAM 1996
Vydání:2a. ed
Edice:Programa de formación en Doctrina Social de la Iglesia
Témata:
Tagy: Přidat tag
Žádné tagy, Buďte první, kdo vytvoří štítek k tomuto záznamu!

MARC

LEADER 00000nam a2200000 a 4500
001 UCH5269
003 CL-VaPUC
008 091014e19960000cl |||||||||||||||||spa|d
082 0 4 |a 261  |b CON  |2 21 
110 2 |a Consejo Episcopal Latinoamericano  |e author  |9 541542 
710 2 |a CELAM  |e author  |9 541543 
245 1 0 |a Principios de Acción, Unidad 3 
250 |a 2a. ed 
300 |a 223 p 
942 |c BK 
945 |d 20091014 00:00:00  |a ccalabra 
260 |a Santiago  |b CELAM  |c 1996 
650 0 |a Cristianismo  |9 257361 
650 0 |a Iglesia Católica  |9 256114 
650 0 |a Catolicismo  |9 258690 
650 0 |a Doctrina social  |9 395381 
650 0 |a Política social  |9 257588 
650 0 |a Teología social  |9 326726 
650 0 |a Vida cristiana  |9 258753 
583 |a last modification  |c 20130809 12:03:59  |k Rodrigo Vera 
490 0 |a Programa de formación en Doctrina Social de la Iglesia 
999 |c 336438  |d 336436